Corrosion des Alliages Fe-Ni-Cr dans la soude fonsue a 380 ºC /

Guardado en:
Autor Principal: Depierre, Simone.
Autor Corporativo: Ecole Nationale Superieure Des Mines. Departement Metallurgie.
Formato: Libro
Idioma:French
Publicado: Saint-Etienne (Francia) : Ecole Nationale Superieure Des Mines, Departement Metallurgie, 1977.
Materias:
Etiquetas: Agregar Etiqueta
Sin Etiquetas, Sea el primero en etiquetar este registro!
LEADER 00714nam a22001695a 4500
001 EIQ.libpla002761
008 070821s1977####fr#a#####b####000#0#fre#d
005 20070821184016.0
245 1 0 |a Corrosion des Alliages Fe-Ni-Cr dans la soude fonsue a 380 ºC /  |c Simone Depierre. 
260 |a Saint-Etienne (Francia) :  |b Ecole Nationale Superieure Des Mines, Departement Metallurgie,  |c 1977. 
300 |a 1 v. (en varias paginaciones) :  |b il., fotos ;  |c 28 cm. 
100 1 |a Depierre, Simone. 
710 2 |a Ecole Nationale Superieure Des Mines.  |b Departement Metallurgie. 
650 4 |a Catálisis  |x Corrosión. 
650 4 |a Catalysis  |x Corrosion. 
040 |a AR-BbSID  |b spa  |c AR-BbSID 
859 |a AR-BbSID  |b BIB. PLAPIQUI  |h 620.112 2  |i D 34  |p 2468